Eksekutif Yang Berkesan
| Main Author: | |
|---|---|
| Format: | Book |
| Published: |
Kuala Lumpur :
Dewan Bahasa Dan Pustaka ,
1984
|
| Subjects: |
MARC
| LEADER | 00000cam a2200000 7i4500 | ||
|---|---|---|---|
| 001 | 0000021845 | ||
| 002 | 000023665 | ||
| 005 | 20000330.0 | ||
| 020 | |a T000002012 | ||
| 090 | 0 | 0 | |a 658.4 |b DRU |
| 100 | 1 | |a Drucker, Peter F | |
| 245 | 1 | 0 | |a Eksekutif Yang Berkesan |c Peter F.Drucker |
| 260 | |a Kuala Lumpur : |b Dewan Bahasa Dan Pustaka , |c 1984 | ||
| 300 | |a 222p. ; |c 21cm. | ||
| 650 | 0 | 0 | |a Executive ability |
| 650 | 0 | 0 | |a Leadership |
| 999 | |a 0003652 |b BUKU |c PINJAMAN |e PERPUSTAKAAN KOMUNITI PETALING JAYA | ||